Haath / (Record no. 524039)
[ view plain ]
| 000 -LEADER | |
|---|---|
| fixed length control field | 00361nam a22001577a 4500 |
| 003 - CONTROL NUMBER IDENTIFIER | |
| control field | NUST |
| 020 ## - INTERNATIONAL STANDARD BOOK NUMBER | |
| Terms of availability | Paperback. |
| 038 ## - RECORD CONTENT LICENSOR | |
| Staff Name | Shaban |
| 082 ## - DEWEY DECIMAL CLASSIFICATION NUMBER | |
| Classification number | 891.42 |
| Author Mark | BAK |
| 100 ## - MAIN ENTRY--PERSONAL NAME | |
| Personal name | Baqar, Muhammad |
| 9 (RLIN) | 14865 |
| 245 ## - TITLE STATEMENT | |
| Title | Haath / |
| Statement of responsibility, etc. | Muhammad Baqar |
| 300 ## - PHYSICAL DESCRIPTION | |
| Extent | 180 p. ; |
| 880 ## - ALTERNATE GRAPHIC REPRESENTATION | |
| Linkage | 100-02\r |
| Title | محمد باقر |
| 880 ## - ALTERNATE GRAPHIC REPRESENTATION | |
| Linkage | 245-02\r |
| Title | ھٹھہ / |
| 942 ## - ADDED ENTRY ELEMENTS (KOHA) | |
| Source of classification or shelving scheme | |
| Koha item type | Book |
| Withdrawn status | Lost status | Source of classification or shelving scheme | Damaged status | Not for loan | Permanent Location | Current Location | Date acquired | Total Checkouts | Full call number | Barcode | Date last seen | Price effective from | Koha item type |
|---|---|---|---|---|---|---|---|---|---|---|---|---|---|
| Central Library (CL) | Central Library (CL) | 06/14/2019 | 891.42 BAK | CL-E-1752 | 06/14/2019 | 06/14/2019 | Book |
